Statistics for 2019: NFL Teams with the Most Points

Click here to take the quiz!

General Stats

  • This quiz has been taken 19 times
  • The average score is 9 of 10

Answer Stats

Number of pointsNFL Team% Correct
458New Orleans Saints
100%
434Dallas Cowboys
94%
451Kansas City Chiefs
94%
420New England Patriots
94%
479San Francisco 49ers
94%
405Seattle Seahawks
94%
402Tennessee Titans
83%
531Baltimore Ravens
78%
407Minnesota Vikings
72%
458Tampa Bay Buccaneers
61%

Score Distribution

Percentile by Number Answered

Percent of People with Each Score

Your Score History

You have not taken this quiz